000 00635nam a2200265Ia 4500
005 20260121170457.0
008 008 260114s9999 xx 000 0 eng d
020 _a9783319736792
037 _aEBOOK
040 _aCRL
040 _beng
040 _cCRL
041 _2eng
041 _aeng
084 _qCRL
100 _aDan Tamir
_91064365
245 0 _aHebrew Fascism in Palestine, 1922–1942
260 _bSpringer
260 _bSpringer
260 _c2018
856 _uhttps://link.springer.com/openurl?genre=book&isbn=978-3-319-73679-2
942 _cEBOOK
999 _c1630094
_d1630094